| 000 | 00993nam a22002057a 4500 | ||
|---|---|---|---|
| 008 | 090826s ua||||| |||| 00| 0 ara d | ||
| 041 |
_aara _heng |
||
| 082 |
_222 _a338.973 _bم ا ر |
||
| 100 |
_98644 _aمارشال ، ويل |
||
| 240 |
_amandate for change _leng |
||
| 245 |
_aتفويض بالتغيير/ _cتأليف ويل مارشال ، مارتن شرام ؛ترجمة السيد محمد السيد عمر ، يوسف ميخائيل يوسف |
||
| 260 |
_aالقاهرة: _bالهيئة العامة للاستعلامات، _c1997 |
||
| 300 |
_a473 ص: _bايض؛ _c23 سم |
||
| 490 |
_aكتب مترجمة _v829 |
||
| 504 | _aيحتوى على ببليوجرافية | ||
| 651 |
_98652 _aامريكا - _xسياسة اقتصادية _y1993 - 2001 |
||
| 710 |
_98655 _aشرام ، مارتن |
||
| 942 |
_2ddc _cBB |
||
| 999 |
_c12704 _d12704 |
||